| 000 | 00695nam a22001935i 4500 | ||
|---|---|---|---|
| 001 | 166807 | ||
| 003 | ES-MaACL | ||
| 005 | 20230906213414.0 | ||
| 008 | 050919s18801910sp | |||||||| ||spa d | ||
| 040 |
_aCAM _bspa _cCAM |
||
| 100 | 1 |
_aUrrecha, Federico. _9112229 |
|
| 245 | 1 | 3 |
_aLa estatua _b: ; Cuentos del lunes / _cFederico Urrecha; ilustraciones de Blanco Coris. |
| 260 |
_aMadrid : _bLa España Editorial, _c[s.a.] ( _fImprenta de Rubiños) |
||
| 300 |
_a282 p. : _bil. ; _c19 cm. |
||
| 594 | _aSólo la obra "La estatua" tiene il. | ||
| 596 | _aProbablemente impreso a finales del siglo XIX o comienzos del XX. | ||
| 740 | 0 | _aCuentos de lunes. | |
| 852 |
_aES-MaACL _jD-977 _z-- Rust. |
||
| 999 |
_c166807 _d166807 |
||